00591nam a22001817a 450000500170000001000120001702000260002903700120005508200110006710000180007824501490009625000130024526000390025827000410029730000200033850000200035870000310037820260228174740.0 aBACEN26 a9788121905657c750.00 bS Chand a342.54 aAgarwal, R.C. aConstitutional Development and National Movement of India:bfreedom movement, Act and Indian Constituion/ cR.C. Agarwal [and] Mahesh Bhatnagar  aRevised  aNew DelhibS. Chand c2026 (repr.) a7361, Ram Nagar, bNew Delhie110055 a763p.c25cm(pb) aIncludes index  aBhatnagar, Mahesh eAuthor